Представление документа в формате MARC21

Поле Инд. ПП Название Значение
Тип записи a
Библиографический уровень m
001 Контрольный номер RU/LIBMSTU/285954420
005 Дата корректировки 20200512140056.3
008 Кодируемые данные 090130|||||||||ru |||||||||||000|||rus||
020 a ISBN 978-5-85971-929-7
020 a ISBN 978-5-390-00101-1 (т. 4)
c Цена, тираж 194-33
040 b Код языка каталог. rus
041 0_ a Код языка текста rus
084 a Индекс другой классификации/Индекс ББК 65.03
090 a Полочн. индекс 65.03
x Авторский знак Э 40
245 10 a Заглавие Экономическая история мира
c Ответственность [А. Ю. Егоров и др.] ; под общ. ред. М. В. Конотопова ; Рос. акад. наук [и др.]
n Номер части/ раздела В 6 т. Т. 4
260 a Место издания Москва
b Издательство КноРус
c Дата издания 2008
300 a Объем 384 с.
500 a Примечание Авт. указаны на обороте тит. л.
504 a Библиография Библиогр.: с. 157
650 04 a Основная рубрика Экономическая история мира
651 _4 a Географическое наименование Восточная Европа
651 _4 a Географическое наименование Западная Европа
651 _4 a Географическое наименование Германия
651 _4 a Географическое наименование США
651 _4 a Географическое наименование Япония
651 _4 a Географическое наименование СССР
651 _4 a Географическое наименование Латинская Америка
651 _4 a Географическое наименование Китай
653 0_ a Ключевые слова Экономика
653 1_ a Ключевые слова Экономическая история мира
653 1_ a Ключевые слова Мировое хозяйство
653 1_ a Ключевые слова Экономическая мысль
653 1_ a Ключевые слова Протекционизм
653 1_ a Ключевые слова Экономика военная
653 1_ a Ключевые слова План ГОЭРЛО
700 12 a Другие авторы Конотопов М. В.
e Роль лиц авт.-ред.
901 t Тип документа m